| 000 | 00462nam a2200157 i 4500 | ||
|---|---|---|---|
| 001 | 78943 | ||
| 003 | ES-MaACL | ||
| 005 | 20230906173847.0 | ||
| 007 | t| | ||
| 008 | 041018s1964 sp ||||1| spa d | ||
| 100 | 1 |
_aHereder Sollar, Antonio. _962681 |
|
| 245 | 1 | 0 |
_aVeinticinco aƱos al servicio de mi querida Pontevedra / _cAntonio Hereder Solla. |
| 260 |
_aPontevedra : _b[s.n., _c1964] |
||
| 300 |
_a17 p. ; _c24 cm. |
||
| 852 |
_aES-MaACL _j2037-F-18 _bR.53870 |
||
| 999 |
_c78943 _d78943 |
||